000 00485nam a2200169Ia 4500
999 _c20166
_d20166
003 OSt
005 20200624102552.0
008 190216s9999||||xx |||||||||||||| ||und||
020 _a8170010276
040 _coclc
082 _a954.0317
_bEMB/I
100 _aEmbree, Ainslie T
_93154
245 0 _aIndia In 1857 /
_cAinslie T Embree
260 _bChanakya Publications,
_c1987.
_aDelhi:
300 _a197p
942 _cBK
_2ddc
_h954.0317
_iEMB/I
_k954.0317
_mEMB/I